Statistics for Most Common First Names in the United States - V

Click here to take the quiz!

General Stats

  • This quiz has been taken 356 times
  • The average score is 10 of 20

Answer Stats

HintAnswer% Correct
84Victor
94%
116Victoria
88%
484Van
82%
674Vince
76%
116Vincent
69%
149Valerie
65%
158Veronica
58%
184Vivian
58%
195Vanessa
51%
218Vera
48%
659Vern
43%
201Vicki
43%
244Viola
37%
576Vance
35%
185Vernon
34%
35Virginia
34%
636Vaughn
26%
251Vickie
20%
283Virgil
19%
515Vincente
5%

Score Distribution

Percentile by Number Answered

Percent of People with Each Score

Your Score History

You have not taken this quiz